Estadísticas históricas de España (Record no. 6218)

MARC details
000 -LEADER
campo de control de longitud fija 00909nam a2200277 i 4500
001 - NÚMERO DE CONTROL
campo de control 6218
003 - IDENTIFICADOR DE NÚMERO DE CONTROL
campo de control ES-MaACL
005 - FECHA Y HORA DE LA ÚLTIMA TRANSACCIÓN
campo de control 20230906144833.0
007 - CAMPO FIJO DE DESCRIPCIÓN FÍSICA--INFORMACIÓN GENERAL
campo de control de longitud fija t|
008 - DATOS DE LONGITUD FIJA--INFORMACIÓN GENERAL
campo de control de longitud fija 890829s1989 sp |||| | spa d
020 ## - NÚMERO INTERNACIONAL ESTÁNDAR DEL LIBRO
Número Internacional Estándar del Libro 84-86884-9
080 ## - NÚMERO DE LA CLASIFICACIÓN DECIMAL UNIVERSAL
Número de la Clasificación Decimal Universal 908(460)"18/19"(083.41)
245 00 - MENCIÓN DEL TÍTULO
Título Estadísticas históricas de España
Resto del título : siglos XIX-XX /
Mención de responsabilidad, etc. Carlos Barciela... [et al.] ; coordinación de Albert Carreras.
260 ## - PUBLICACIÓN, DISTRIBUCIÓN, ETC.
Lugar de publicación, distribución, etc. Madrid :
Nombre del editor, distribuidor, etc. Fundación Banco Exterior,
Fecha de publicación, distribución, etc. [1989]
300 ## - DESCRIPCIÓN FÍSICA
Extensión 632 p. ;
Dimensiones 31 cm.
490 1# - MENCIÓN DE SERIE
Mención de serie Colección Investigaciones
500 ## - NOTA GENERAL
Nota general Índices.
504 ## - NOTA DE BIBLIOGRAFÍA, ETC.
Nota de bibliografía, etc. Bibliografía: p. 587-593.
651 #4 - PUNTO DE ACCESO ADICIONAL DE MATERIA--NOMBRE GEOGRÁFICO
Nombre geográfico España-
Subdivisión de forma Estadísticas.
9 (RLIN) 162174
700 1# - ENTRADA AGREGADA--NOMBRE PERSONAL
Nombre de persona Barciela, Carlos.
9 (RLIN) 25550
700 1# - ENTRADA AGREGADA--NOMBRE PERSONAL
Nombre de persona Carreras, Albert.
9 (RLIN) 35648
710 2# - ENTRADA AGREGADA--NOMBRE DE ENTIDAD CORPORATIVA
Nombre de entidad corporativa o nombre de jurisdicción como elemento de entrada Fundación Banco Exterior.
9 (RLIN) 4226
830 0# - PUNTO DE ACCESO ADICIONAL DE SERIE-TÍTULO UNIFORME
Título uniforme Colección Investigaciones
9 (RLIN) 177338
852 ## - LOCALIZACIÓN
Ubicación ES-MaACL
Número de control de estantería L-13335
Nota libre - Enc. cart.
Holdings
Estatus retirado Estado de pérdida Estado de daño No para préstamo Biblioteca de origen Biblioteca actual Ubicación en estantería Fecha de adquisición Fuente de adquisición Total de préstamos Signatura topográfica completa Código de barras Visto por última vez Precio de reemplazo Tipo de ítem Koha
        Biblioteca del Ateneo de Madrid Biblioteca del Ateneo de Madrid Depósito 2 17/01/2008     L-13335 1006329 23/02/2023 23/02/2023 Libro impreso